| 000 | 004900000a22001690004500 | ||
|---|---|---|---|
| 003 | MACL | ||
| 005 | 20160316132228.0 | ||
| 008 | 160316b xxu||||| |||| 00| 0 eng d | ||
| 040 |
_aMACL _cMACL |
||
| 041 | _aHindi | ||
| 082 | _a920 | ||
| 100 |
_aदिवेदी सोहनलाल _946532 |
||
| 245 | _aगांधी शतदल | ||
| 260 |
_bप्रकाशन विभाग _c1969 _aनई दिल्ली |
||
| 650 |
_aBiography _946533 |
||
| 942 |
_cHIN _k920 _2ddc |
||
| 999 |
_c26186 _d26186 |
||